2000s Movie Trivia - Statistics

General Stats
  • This quiz has been taken 62 times
  • The average score is 6 of 10
Answer Stats
Hint Answer % Correct
2000 Which famous actor, starred in The Grinch in the titular role? Jim Carrey
96%
2003 Who starred in Pirates of the Caribbean: The Curse of the Black Pearl? Johnny Depp
91%
2004 This movie starts the revival of zombies in a comedy starring Simon Pegg Shaun of the Dead
70%
2009 Who directed the highest grossing movie of all time that was released in 2009? James Cameron
67%
2005 Which Movie star acts as Bruce Wayne for the first time? Christian Bale
63%
2002 This movie was set in Nazi Germany, starring Adrien Brody The Pianist
63%
2008 This controversial war movie, featured Tom Cruise in a fat suit and Robert Downey Jr. in blackface. Tropic Thunder
63%
2006 This Director won his 1st ever Oscar for "The Departed" released in 2006 Martin Scorsese
59%
2001 What cult movie, starring Jake Gyllenhall took place in October 1988? Donnie Darko
56%
2007 What was the name of the main character in the Coen brothers film "No Country for Old Men"? Anton Chigurh
9%
No matching quizzes found
Score Distribution
Percent of People with Each Score
Percentile by Number Answered
Your Score History
You have not taken this quiz